000 00422nam a2200181Ia 4500
001 4730
003 IN-NITTTR
005 20251114233002.0
008 251113s9999||||xx |||||||||||||| ||eng||
040 _beng
040 _cIN-NITTTR
041 _aeng
082 _a574.191 C366M
100 _aChapman, D.
245 0 _aMolecular biophysics /
_cChapman, D., Leslie, R. B.
700 _a Leslie, R. B.
942 _2ddc
_cBK
999 _c7366
_d7366